000 05725cam a22019574i 4500
003 PE-LiUPU
005 20250813165929.0
008 150706s2010 mx a r 000 0 spa d
020 _a032466382X
020 _a9780324663822
035 _a(Sirsi) i9780324663822
040 _aPE-LiUPU
_bspa
_cPE-LiUPU
_dPE-LiUPU
_erda
049 _aPRUA
082 0 4 _a658.1511
_bW28
_221
100 1 _aWarren, Carl S.,
_eautor.
245 1 0 _aContabilidad administrativa /
_cCarl S. Warren, James M. Reeve, Philip E. Fess ; tr. Guadalupe Meza Staines.
250 _a10a edición.
264 1 _aMéxico :
_bCengage learning,
_c2010.
300 _a639 páginas :
_bilustraciones ;
_c27 centímetros
336 _atext
_2rdacontent
337 _aunmediated
_2rdamedia
338 _avolume
_2rdacarrier
500 _aTraducido del libro: Managerial Accounting.
505 0 _aConceptos y principios de contabilidad administrativa -- Costeo por órdenes de producción -- Sistemas de costos por procesos -- Comportamiento del costo y análisis costo-volumen-utilidad -- Costeo variable para análisis de gestión -- Presupuestación -- Evaluación del desempeño mediante variaciones de costos estándar -- Evaluación del desempeño para operaciones descentralizadas -- Análisis diferencial y fijación de precio del producto -- Análisis de inversión de capital -- Asignación de costo y costeo basado en actividades -- La administración del costo en ambientes justo a tiempo -- Estado de flujos de efectivo -- Análisis de estados financieros.
526 _aP203
526 _aP200
526 _aSEG65
526 _aSEG64
526 _aSEG63
526 _aSEG62
526 _aSEG61
526 _aSEG60
526 _aSEG59
526 _aSEG58
526 _aSEG57
526 _aSEG56
526 _aSEG55
526 _aSEG54
526 _aSEG53
526 _aSEG52
526 _aSEG51
526 _aSEG50
526 _aSEG49
526 _aSEG48
526 _aSEG47
526 _aSEG46
526 _aSEG24
526 _aSEG23
526 _aSEG22
526 _aSEG21
526 _aSEG20
526 _aSEG19
526 _aSEG18
526 _aSEG17
526 _aSEG16
526 _aSEG14
526 _aSEG13
526 _aSEG12
526 _aSEG11
526 _aSEG10
526 _aSEG09
526 _aSEG06
526 _aSEG05
526 _aSEG04
526 _aSEG03
526 _aSEG02
526 _aSEG68
526 _aSEG66
526 _aSEG45
526 _aSEG25
526 _aSEG01
526 _aP163
526 _aP162
526 _aP161
526 _aP160
526 _aP159
526 _aP158
526 _aP157
526 _aP156
526 _aP155
526 _aP154
526 _aP153
526 _aP152
526 _aP151
526 _aP150
526 _aP149
526 _aP142
526 _aP141
526 _aP140
526 _aP139
526 _aP138
526 _aP137
526 _aP132
526 _aP131
526 _aP130
526 _aP126
526 _aP125
526 _aP124
526 _aP123
526 _aP115
526 _aP122
526 _aP121
526 _aP116
526 _a P114
526 _aP112
526 _aP111
526 _aP104
526 _aP103
526 _aP102
526 _aP101
526 _aP100
526 _aP96
526 _aP95
526 _aP93
526 _aP92
526 _aP91
526 _aP88
526 _aP83
526 _aP82
526 _aP79
526 _aP78
526 _aP75
526 _aP74
526 _aP71
526 _aP69
526 _a P51
526 _aP49
526 _aP48
526 _aP47
526 _aP33
526 _aP31
526 _a P30
526 _aP29
526 _aP27
526 _aP26
526 _aP25
526 _aP24
526 _a P22
526 _aP10
526 _aP09
526 _a P08
526 _aP06
526 _aP05
526 _aP04
526 _aP01
541 _g001-0037258;
650 0 4 _aContabilidad administrativa.
650 0 4 _aEconomía administrativa.
650 0 4 _aContabilidad de Costos.
650 0 4 _aAnálisos de Presupuestos.
700 1 _aReeve, James M.,
_d1953- ,
_eautor.
700 1 _aDuchac, Jonathan E.,
_eautor.
700 1 _aMeza Staines, Guadalupe,
_etraductor.
910 _agl
_clch
_d20130804
942 _2ddc
_cBOOK
949 _a658.1511 W28
_wDEWEY
_c1
_i67888
_lCCODEBUL1
_mBUL
_p52.00
_r0
_sY
_tBOOK
_u2015-7-6
_xFCE
_PP08
_o.STAFF. Colección Ciencias Empresariales
949 _a658.15 R34 2009
_wDEWEY
_c1
_i1010012
_lCCODEBUJ1
_mBUJ
_p52.00
_r0
_sY
_tBOOK
_u2016-06-07
_xFCE
_PP08
_o.STAFF. Colección General
949 _a658.15 R34 2009
_wDEWEY
_c1
_i1011185
_lCCODEBUJ1
_mBUJ
_p52.00
_r0
_sY
_tBOOK
_u2016-06-07
_xFCE
_PP08
_o.STAFF. Colección General
949 _a658.15 R34 2009
_wDEWEY
_c1
_iFJ01638
_lCCODEBUJ1
_mBUJ
_p52.00
_r0
_sY
_tBOOK
_u2016-06-07
_xFCE
_PP04
_0COMPRA
_o.STAFF -- Colección General Juliaca
994 _aC0
_bPEPRU
596 _a1 3
999 _a658.1511 W28
_wDEWEY
_c55399
_i67888
_d55399
_e2018-9-5
_f2021-11-8
_g6
_lCCODEBUL1
_mBUL
_n3
_p52.00
_q1
_r0
_sY
_tBOOK
_u2015-7-6
_xFCE
_zP08
_0COMPRA
_o.STAFF. Colección Ciencias Empresariales
999 _a658.15 R34 2009
_wDEWEY
_c1
_iFJ01638
_d2017-11-6
_f2022-1-31
_g4
_lCCODEBUJ1
_mBUJ
_p52.00
_q1
_r0
_sY
_tBOOK
_u2016-6-7
_xFCE
_PP04
_0COMPRA
_o.STAFF. Colección General Juliaca
980 _81
_gALBERTO SANCHEZ Responsable de Automatización